000
00307nam a2200133Ia 4500
100
_a
Daugherty/ R.L
942
_c
BK
654
_a
Fluid
245
_a
Fluid Mechanics With Engineering Applications
260
_b
McGraw Hill
_a
New York
_c
1985
082
_a
532
_b
DAU/FRA
300
_a
639
546
_a
ENGLISH
999
_c
30853
_d
30853